00517nam a2200145Ia 4500008004100000024003200041082001700073100002900090245004100119260002500160600002100185650003800206952011000244999001700354250506s9999 xx 000 0 und d a11B-118-BS & 11B-122-BS a005.1072 HAS aHassan Tahir & Erum Aziz 0aNumerical Computing Tool (code book) aKarachi:bUIT,c2011 aComputer Science aBachelor of Computer Science (BS) 001040708PR-CSaUITUbUITUd2022-07-26l0o005.1072 HASpBS-442-Ar2025-05-06 11:34:25w2025-05-06yPR c28418d28418